| 000 | 006110000a22001810004500 | ||
|---|---|---|---|
| 003 | MACL | ||
| 005 | 20160514151855.0 | ||
| 008 | 160514b xxu||||| |||| 00| 0 eng d | ||
| 040 |
_aMACL _cMACL |
||
| 041 | _aHindi | ||
| 082 | _a891.433 | ||
| 100 |
_aगॉर्डिमर, नैदीन _957127 |
||
| 245 |
_aमौखिक इतिहास तथा अन्य कहानियां _cनैदीन गॉर्डिमर |
||
| 260 |
_bशुभदा प्रकाशन _c1993 _aदिल्ली |
||
| 350 | _a60 | ||
| 650 |
_aStories _957128 |
||
| 942 |
_cHIN _k891.433/GAO/S _2ddc |
||
| 999 |
_c20618 _d20618 |
||